Score 0/14 Timer 03:00
0 Plays Today
Scramble Word % Correct
HCCH
99.7%
UCECUE
99.2%
ATCRCART
97%
MPCRACRAMP
96.5%
LCCEHNCLENCH
66.8%
TRYNUCECENTURY
56%
OHRMOOSMECCHROMOSOME
36.9%
Scramble Word % Correct
FREERUMICECNCCIRCUMFERENCE
23.4%
IIBLCITYREDCREDIBILITY
22.8%
ENNIUCTOCONTINUE
22%
SCALILACSCLASSICAL
21.9%
NTOIDORCOANICOORDINATION
16.2%
ZIBCAAONAINITLNCANNIBALIZATION
8.3%
REOANREUSMEUCTCOUNTERMEASURE
2.1%
Remove Ads.
Support Sporcle.
Get the best of Sporcle when you Go Orange. This ad-free experience offers more features, more stats, and more fun while also helping to support Sporcle. Thank you for becoming a member.

You're not logged in!

Compare scores with friends on all Sporcle quizzes.
OR
Log In

Show Comments

Extras

Top Quizzes Today


Score Distribution

Your Account Isn't Verified!

In order to create a playlist on Sporcle, you need to verify the email address you used during registration. Go to your Sporcle Settings to finish the process.

Report this User

Report this user for behavior that violates our Community Guidelines.

Details: